Sanat - "Huppu pääs" - Mouhous - Statistics

Yleistilastot
  • Tätä visaa on pelattu 51 kertaa
  • Keskiarvotulos 186 / 334
Vastaustilastot
Vastaus % Oikein
100%
100%
jo
96%
se
93%
huppu
89%
ku
89%
Ku
89%
on
89%
pääs
89%
tää
89%
Tää
89%
tähä
89%
inee
85%
lada
85%
tyttö
85%
äijä
81%
jol
81%
mitä
81%
Mun
81%
mun
81%
mut
81%
tuun
81%
tyttöystävä
81%
ne
78%
selittää
78%
sil
78%
Ladabois
74%
ladabois
74%
oikeen
74%
ystävä
74%
ei
70%
et
70%
Ja
70%
ja
70%
muttei
70%
nyt
70%
Nyt
70%
Avicii
67%
miettii
67%
niinku
67%
oo
67%
Sen
67%
olla
63%
oon
63%
Oon
63%
Alla
59%
en
59%
hola
59%
Kusi
59%
mimmi
59%
mul
59%
noussu
59%
päähän
59%
poppaan
59%
soi
59%
vai
59%
yoloswag
59%
amiksii
56%
keltaset
56%
kysyy
56%
lasit
56%
mamacita
56%
mua
56%
ollaa
56%
safkaa
56%
siks
56%
silmät
56%
vaa
56%
basisti
52%
joo
52%
lännes
52%
luulee
52%
mulla
52%
onko
52%
pihi
52%
saa
52%
sanoo
52%
semi
52%
sitä
52%
soitan
52%
Sul
52%
tytöt
52%
deittaile
48%
jos
48%
kun
48%
pinkki
48%
piripäitä
48%
sun
48%
Sun
48%
tili
48%
tilipäivä
48%
ees
44%
hieno
44%
hymyilee
44%
Idän
44%
lagaa
44%
mäihä
44%
skidi
44%
stadin
44%
teen
44%
Teen
44%
arriba
41%
checkaa
41%
hejdå
41%
heräsin
41%
jeijoo
41%
Koko
41%
liian
41%
nopee
41%
oonks
41%
priviet
41%
radiois
41%
tääl
41%
vaikkei
41%
wasted
41%
alasti
37%
beigee
37%
boys
37%
broda
37%
elämä
37%
Hiuksen
37%
hupparii
37%
jaksa
37%
juhlin
37%
kaverin
37%
kusilaari
37%
meno
37%
musikaali
37%
palatsi
37%
pois
37%
rahaa
37%
raja
37%
red
37%
seisten
37%
tietää
37%
vie
37%
Hegen
33%
hengaa
33%
hienoo
33%
kaksio
33%
kohta
33%
Koittaa
33%
lainaa
33%
meille
33%
niiku
33%
Nukahin
33%
ostaa
33%
pukeutumal
33%
sulle
33%
Suomi
33%
sut
33%
synnytti
33%
takakontissa
33%
Valentin
33%
Van
33%
Voin
33%
vuohen
33%
äiti
30%
Ali G
30%
flagit
30%
Hey
30%
Iha
30%
kierros
30%
mikä
30%
Nojaan
30%
nudisti
30%
ois
30%
paellaa
30%
paras
30%
peittää
30%
porttikielto
30%
seinää
30%
tähti
30%
toine
30%
tulin
30%
Vieläkin
30%
vitun
30%
ain
26%
Duve
26%
ennen
26%
hampaat
26%
huligaani
26%
illanvietos
26%
käyny
26%
meillä
26%
oli
26%
sanoin
26%
Super
26%
takas
26%
tänne
26%
tieltä
26%
välil
26%
Aina
22%
bännis
22%
biisit
22%
grindaa
22%
hukkuu
22%
kerta
22%
maailmaan
22%
Raflan
22%
wavy
22%
We
22%
Whoa
22%
aikaa
19%
Amisautois
19%
baarii
19%
Eka
19%
huoli
19%
jotai
19%
kaiken
19%
katastrofista
19%
Kyykkäsin
19%
Louboutinit
19%
paska
19%
piikkiin
19%
porukal
19%
them
19%
töitä
19%
unissaki
19%
Kämpist
15%
mielest
15%
omast
15%
ostaril
15%
Ryypättiin
15%
saattue
15%
vastas
15%
addiktoi
11%
ilmanen
11%
Popparii
11%
Ehtoja vastaavia visoja ei löytynyt
Tulosjakauma
Jokaisen tuloksen saaneiden osuus
Persentiili vastausten määrän mukaan
Tuloshistoriasi
Et ole pelannut tätä visaa